00714nam a2200193Ia 450000500170000000800410001702000180005805000140007610000290009024501210011926000380024030000180027833700100029633800140030650001220032065000230044265000190046565000360048420231102151236.0120630s 1997sp d 000 0 spa d a9788477384496 aHM24bV35 aVALLES, Miguel S.eautor00aTecnicas cualitativas de investigacion social b: reflexion metodologica y practica profesionalc/ Miguel S. Valles aEspañab : Síntesisc , 1997 a430 páginas atexto asin medio aPlan Flexible Psicología / Métodos cualitativos cuantitativos en investigación pedagógica (M03-2) (19 000894) aCiencias sociales  a Investigacion a- Metodologia\Ciencias sociales